|
|
|
|
| LEADER |
00000nab a2200000uu 4500 |
| 001 |
vtls010876018 |
| 003 |
SK-MaSNL |
| 005 |
20260303163056.0 |
| 008 |
230303|1965 xo |||||||||||||||||slo| |
| 015 |
|
|
|a SNBRB
|
| 035 |
|
|
|a (urnnbn)urn:nbn:sk:snk:ar-0061mi
|
| 035 |
|
|
|a (uuid)b61bc43c-7ac2-4361-a0b5-d34482572346
|
| 035 |
|
|
|a urn:nbn:sk:snk-ab7pr3
|
| 040 |
|
|
|a SNKBUCL
|b slo
|c SNKBUCL
|e AACR2
|
| 041 |
0 |
|
|a slo
|
| 044 |
|
|
|a xo
|c SK
|
| 100 |
1 |
|
|a Ulický, Ladislav,
|d 1931-
|4 aut
|9 224339
|
| 245 |
1 |
0 |
|a L. Mandelkern: CRYSTALLIZATION OF POLYMERS.
|c L. Ulický
|
| 773 |
0 |
|
|t Chemické zvesti
|g Roč. 19, č. 4 (1965), s. 328-329
|
| 958 |
|
|
|a OND
|
| 958 |
|
|
|a EUIPO
|
| 958 |
|
|
|a article8
|
| 999 |
|
|
|c 2058727
|d 2060657
|